| 000 | 01575cam a2200397 a 4500 | ||
|---|---|---|---|
| 999 |
_c531882 _d531882 |
||
| 001 | 14596028 | ||
| 003 | NUST | ||
| 005 | 20191030100248.0 | ||
| 008 | 061016s2007 njua b 001 0 eng | ||
| 010 | _a 2006033568 | ||
| 015 |
_aGBA718538 _2bnb |
||
| 016 | 7 |
_a013689074 _2Uk |
|
| 020 | _a9780470007655 (cloth) | ||
| 020 | _a0470007656 (cloth) | ||
| 035 | _a(OCoLC)ocm73502234 | ||
| 035 | _a(OCoLC)73502234 | ||
| 038 | _aMSOHAIL | ||
| 040 |
_aDLC _cDLC _dBAKER _dBTCTA _dUKM _dC#P _dYDXCP _dIXA _dDLC |
||
| 050 | 0 | 0 |
_aT57.6 _b.G543 2007 |
| 082 | 0 | 0 |
_a658.4032 _222 |
| 100 | 1 |
_aGibson, John E. _925012 |
|
| 245 | 1 | 0 |
_aHow to do systems analysis / _cJohn E. Gibson, William T. Scherer, William F. Gibson. |
| 260 |
_aHoboken, N.J. : _bWiley-Interscience, _cc2007. |
||
| 300 |
_axxiii, 335 p. : _bill. ; _c25 cm. |
||
| 440 | 0 |
_aWiley series in systems engineering and management _91592 |
|
| 504 | _aIncludes bibliographical references and index. | ||
| 650 | 0 |
_aSystem analysis. _92233 |
|
| 700 | 1 |
_aScherer, William T. _925013 |
|
| 700 | 1 |
_aGibson, William F. _925014 |
|
| 856 | 4 | 1 |
_3Table of contents only _uhttp://www.loc.gov/catdir/toc/ecip072/2006033568.html |
| 856 | 4 | 2 |
_3Contributor biographical information _uhttp://www.loc.gov/catdir/enhancements/fy0741/2006033568-b.html |
| 856 | 4 | 2 |
_3Publisher description _uhttp://www.loc.gov/catdir/enhancements/fy0741/2006033568-d.html |
| 906 |
_a7 _bcbc _corignew _d1 _eecip _f20 _gy-gencatlg |
||
| 942 |
_2ddc _cBK |
||